Effect of using three king of liquid compost fertilizers on chinese kale crop under green house condition royal university of agriculture ការសិក្សាពីប្រសិទ្ធភាពនៃការប្រើប្រាស់ជីកំប៉ុស្ដទឹកបីប្រភេទទៅលើដំណាំខាត់ណាដើមក្នុងល័ក្ខខ័ណ្ឌផ្ទះពិសោធន៍ប្លាស្ទិចនៅសាកលវិទ្យាល័យភូមិន្ទកសិកម្ម (Record no. 645)

000 -LEADER
fixed length control field 00923nam a22001577a 4500
003 - CONTROL NUMBER IDENTIFIER
control field OSt
005 - DATE AND TIME OF LATEST TRANSACTION
control field 20150917113205.0
008 - FIXED-LENGTH DATA ELEMENTS--GENERAL INFORMATION
fixed length control field 150917b xxu||||| |||| 00| 0 eng d
040 ## - CATALOGING SOURCE
Transcribing agency RUA
082 ## - DEWEY DECIMAL CLASSIFICATION NUMBER
Classification number AGR CHH 2005 B031 Or.1
100 ## - MAIN ENTRY--PERSONAL NAME
9 (RLIN) 667
Personal name CHHOEUN, SEILA.
245 ## - TITLE STATEMENT
Title Effect of using three king of liquid compost fertilizers on chinese kale crop under green house condition royal university of agriculture ការសិក្សាពីប្រសិទ្ធភាពនៃការប្រើប្រាស់ជីកំប៉ុស្ដទឹកបីប្រភេទទៅលើដំណាំខាត់ណាដើមក្នុងល័ក្ខខ័ណ្ឌផ្ទះពិសោធន៍ប្លាស្ទិចនៅសាកលវិទ្យាល័យភូមិន្ទកសិកម្ម
260 ## - PUBLICATION, DISTRIBUTION, ETC. (IMPRINT)
Place of publication, distribution, etc. Phnom Penh
Name of publisher, distributor, etc. URA
Date of publication, distribution, etc. 2005
300 ## - PHYSICAL DESCRIPTION
Extent xii; 48p.
Other physical details ill.
Dimensions 29cm.
942 ## - ADDED ENTRY ELEMENTS (KOHA)
Source of classification or shelving scheme
Koha item type AGR
Holdings
Price effective from Date last seen Permanent Location Not for loan Date acquired Source of classification or shelving scheme Koha item type Lost status Withdrawn status Date last checked out Total Checkouts Shelving location Damaged status Barcode Current Location Full call number
2015-09-172019-11-27Library Block B 2015-09-17 AGR  2019-10-222B031 RUA001300Library Block BAGR CHH 2005 B031 Or.1
2015-09-172024-12-24Library Block B 2015-09-17 AGR  2024-12-098B031 RUA001372Library Block BAGR CHH 2005 B031 Or.2
មជ្ឈមណ្ឌលឯការនៃសាកលវិទ្យាល័យភូមិន្ទកសិកម្មចំការដូង

Powered by Koha